000 02037cam a2200373 i 4500
001 22536429
003 OSt
005 20231006154948.0
008 220506s2022 nyu 000 0 eng
010 _a 2022021694
020 _z9781911215387
040 _aDLC
_beng
_erda
_cDLC
_dDLC
041 1 _aeng
_hjpn
042 _apcc
050 0 0 _aPL856.U673
_bS5613 2022
082 0 0 _a895.645
_bMUR/N
100 _aMurakami, Haruki
_d1949-
_eauthor.
_96030
240 1 0 _aShokugyō to shite no shōsetsuka.
_lEnglish
245 1 0 _aNovelist as a vocation /
_cHaruki Murakami; translated from the Japanese by Philip Gabriel and Ted Goossen.
250 _aFirst edition.
264 1 _aUK :
_bPenguin random house,
_c2022.
300 _axi, 208 pages ;
_c22 cm
336 _atext
_btxt
_2rdacontent
337 _aunmediated
_bn
_2rdamedia
338 _avolume
_bnc
_2rdacarrier
500 _a"This is a Borzoi book"
520 _a"A charmingly idiosyncratic look at writing, creativity, and the author's own novels. Haruki Murakami's myriad fans will be delighted by this unique look into the mind of a master storyteller. In this engaging book, the internationally best-selling author and famously reclusive writer shares with readers what he thinks about being a novelist; his thoughts on the role of the novel in our society; his own origins as a writer; and his musings on the sparks of creativity that inspire other writers, artists, and musicians. Readers who have long wondered where the mysterious novelist gets his ideas and what inspires his strangely surreal worlds will be fascinated by this highly personal look at the craft of writing"--
_cProvided by publisher.
655 7 _aEssays.
_2lcgft
700 1 _aGabriel, Philip,
_d1953-
_etranslator.
700 1 _aGoossen, Ted,
_etranslator.
906 _a7
_bcbc
_corignew
_d1
_eecip
_f20
_gy-gencatlg
942 _2ddc
_cBK
_h895.645
_iMUR/N
_k895.645
_mMUR/N
999 _c42121
_d42121